| 000 | 01298nam a2200241Ia 4500 | ||
|---|---|---|---|
| 003 | Ost | ||
| 005 | 20260507075234.0 | ||
| 008 | 260507s9999||||xx |||||||||||||| ||und|| | ||
| 020 | _a47501199579 | ||
| 040 | _cfsecg | ||
| 041 | _aara | ||
| 082 | _a330 | ||
| 100 |
_aالطائي، محمد عبد حسين _eمؤلف |
||
| 245 | 0 |
_aنظم مساندة القرارات باعتماد البرمجية الجاهزة / _c محمد عبد حسين الطائي |
|
| 260 |
_aعمان: _bدار وائل, _c2008 |
||
| 300 |
_a236 صفحة؛ _bإيضاحات ؛ _c24 سم |
||
| 504 | _aمراجع ص.229 | ||
| 520 | _aنظم مساندة القرارات : النشوء و المفهوم و الخصائص ، أنواع نظم مساندة القرارات و أدواتها و تطبيقاتها ، الانظمة الفرعية لنظم مساندة القرارات ، مداخل تطوير و مراحل تصميم و بناء نظم مساندة القرارات ، دور نظم مساندة القرارات في صنع القرارات الادارية ، كيفية اعتماد تطبيقات نظم مساندة القرارات. | ||
| 653 | _aاتخاذ القرارات | ||
| 653 | _aإدارة الاعمال | ||
| 653 | _aالقرارات الادارية | ||
| 942 | _cكتاب | ||
| 999 |
_c43574 _d43574 |
||